000 00306 a2200109 4500
001 ART_18138
005 20260410161657.0
008 260409a
245 1 0 _aContrabando de billetes
100 1 _aRobiglio, Carolina L.
773 0 _tPráctica profesional
_g- Nº 144 (jun. 2011)
_wREV542
999 _c14842
_d14842